000 01110nam a2200337 i 4500
001 bg
245 0 0 _aKorsyka /
_c[przygot. ed. pol. Bogdan Rudnicki ; red. prowadzący Joanna Zaborowska ; tł. Paweł Zajadacz ; red. Anna Willman].
246 1 _iTyt. oryg.:
_aCorsica
260 _aWarszawa :
_bMediaprofit,
_c2007.
300 _a[2], 293, [1] s. :
_bil. (gł. kolor.) ;
_c23 cm.
490 1 _aBiblioteka Gazety Wyborczej. Podróże Marzeń ;
_v25
500 _aMapy na wyklejkach.
504 _aIndeks.
651 9 _aKorsyka (Francja)
655 _aPrzewodniki turystyczne
700 1 _aRudnicki, Bogdan.
_eOprac.
700 1 _aZaborowska, Joanna.
_eRed.
700 1 _aZajadacz, Paweł.
_eTł.
700 1 _aWillman, Anna.
_eRed.
830 0 _aBiblioteka Gazety Wyborczej.
_pPodróże Marzeń (2007)
_v25
015 _aPB 24690/2007
020 _a9788360174869
040 _cBPK
041 1 _apol
_heng
044 _aPOL
080 _a913(449.45)(036)
920 _a978-83-60174-86-9 :
_czł 25
942 _cKS
008 071030s2007 pl a |001 0 pol
999 _c54269
_d54269
856 _uhttp://koha.tu.koszalin.pl/cgi-bin/koha/opac-detail.pl?biblionumber=54269
_yKatalog online BPK